| 000 | 00900nam a22001577a 4500 | ||
|---|---|---|---|
| 003 | OSt | ||
| 005 | 20151007162311.0 | ||
| 008 | 151007b xxu||||| |||| 00| 0 eng d | ||
| 040 | _cRUA | ||
| 082 | _aAVM SON 2007 B080 Or.1 | ||
| 100 |
_92312 _aSONG, MENG. |
||
| 245 | _aEffect of using cashew apple meal in feed ingredient on growth rate of local duck at animal experiment station of royal university of agriculture, ប្រសិទ្ធភាពនៃការប្រើប្រាស់ផ្លែស្វាយចន្ទីជាចំនីផ្សំទៅលើការលូតលាស់របស់ទាក្នុងស្រុក នៅស្ថានីយ៏ពិសោធន៏សត្វ នៃសាកលវិទ្យាល័យភូមិន្ទកសិកមុម | ||
| 260 |
_aPhnom Penh _bRUA _c2007 |
||
| 300 |
_ax; 42p. _bill. _c29cm. |
||
| 942 |
_2ddc _cAVM |
||
| 999 |
_c2178 _d2178 |
||